Estatísticas para Os 15 principais países com mortes por Covid19; 11 novembro

Clique aqui para jogar o quiz

Estatísticas Gerais

  • Esse quiz foi jogado 10 vezes
  • A pontuação média é 16 de 20

Estatísticas das Respostas

país% Correto
Brasil
100%
Estados Unidos
100%
Índia
100%
Itália
100%
Reino Unido
100%
Rússia
100%
Argentina
90%
Espanha
90%
França
90%
México
90%
Colômbia
80%
Peru
80%
África do Sul
70%
Bélgica
70%
Chile
70%
Irão
60%
Bolívia
50%
Equador
50%
Indonésia
40%
Panamá
30%

Distribuição das Pontuações

Percentil de Números Respondidos

Porcentagem de Pessoas com Cada Pontuação

Sua Pontuação Histórica

Você não jogou esse quiz